Rommel Drives on Deep Into Egypt / (Record no. 186768)

000 -LEADER
fixed length control field 00380 a2200157 4500
003 - CONTROL NUMBER IDENTIFIER
control field Nust
005 - DATE AND TIME OF LATEST TRANSACTION
control field 20230124090127.0
040 ## - CATALOGING SOURCE
Transcribing agency Nust
082 ## - DEWEY DECIMAL CLASSIFICATION NUMBER
Classification number 811.54,BRA
100 ## - MAIN ENTRY--PERSONAL NAME
Personal name Brautigan, Richard
9 (RLIN) 107470
245 ## - TITLE STATEMENT
Title Rommel Drives on Deep Into Egypt /
Statement of responsibility, etc. Brautigan Richard,
260 ## - PUBLICATION, DISTRIBUTION, ETC.
Place of publication, distribution, etc. New York
Name of publisher, distributor, etc. Delacorte press
300 ## - PHYSICAL DESCRIPTION
Extent 85:p
650 ## - SUBJECT ADDED ENTRY--TOPICAL TERM
Topical term or geographic name entry element Poems
9 (RLIN) 1446
942 ## - ADDED ENTRY ELEMENTS (KOHA)
Source of classification or shelving scheme
Koha item type Book
Holdings
Withdrawn status Lost status Source of classification or shelving scheme Damaged status Not for loan Permanent Location Current Location Shelving location Date acquired Full call number Barcode Date last seen Price effective from Koha item type Public note
          Military College of Signals (MCS) Military College of Signals (MCS) General Stacks 12/12/2016 811.54,BRA MCS3333 12/08/2016 12/12/2016 Book Almirah No.57, Shelf No.4
© 2023 Central Library, National University of Sciences and Technology. All Rights Reserved.